Statistics for All 50k+ Cities in Oman

Click here to take the quiz!

General Stats

  • This quiz has been taken 7 times
  • The average score is 3 of 15

Answer Stats

PopulationCity% Correct
797,000Muscat
75%
136,140Salalah
50%
237,816Seeb
50%
71,152Sur
50%
54,338Bahla'
25%
72,076Nizwa
25%
73,670Al Buraymi
0%
50,223Al Khaburah
0%
107,143As Suwayq
0%
81,647Barka'
0%
159,487Bawshar
0%
101,640`Ibri
0%
79,383Rustaq
0%
89,327Saham
0%
108,274Sohar
0%

Score Distribution

Percentile by Number Answered

Percent of People with Each Score

Your Score History

You have not taken this quiz